[Event "TUR-chT Clubs"]
[Site "Konya"]
[Date "2019.07.17"]
[Round "2.4"]
[White "Sinay, Ahmet"]
[Black "Keskin, Osman Orcun"]
[Result "1/2-1/2"]
[WhiteElo "1692"]
[BlackElo "1719"]
[PlyCount "128"]
[EventDate "2019.07.16"]
[EventType "team-swiss"]
[EventRounds "9"]
[EventCountry "TUR"]
[SourceTitle "CBM 191 Extra"]
[Source "ChessBase"]
[SourceDate "2019.09.30"]
[SourceVersion "1"]
[SourceVersionDate "2019.09.30"]
[SourceQuality "1"]
[WhiteTeam "Afyonkarahisar Basari"]
[BlackTeam "Celik Dernegi"]
[WhiteTeamCountry "TUR"]
[BlackTeamCountry "TUR"]

1. d4 Nf6 2. Bf4 d6 3. e3 g6 4. h3 Bg7 5. Nf3 0-0 6. Be2 c5 7. c3 cxd4 8. exd4 a6 9. 0-0 b5 10. Nbd2 Bb7 11. a3 Nbd7 12. Re1 Nb6 13. Bh2 Rc8 14. Bd3 Re8 15. Rc1 Nc4 16. Nxc4 bxc4 17. Bc2 Bh6 18. Rb1 Nd5 19. Ba4 Rf8 20. Bc2 Qb6 21. h4 e6 22. Ng5 Nf6 23. Ne4 Nxe4 24. Bxe4 Rb8 25. Qe2 Rfc8 26. g4 Bxe4 27. Qxe4 Qc6 28. Qxc6 Rxc6 29. g5 Bf8 30. Bf4 Rcb6 31. Bc1 Be7 32. Re2 Rb5 33. f4 Kf8 34. Kf1 h6 35. Ke1 hxg5 36. hxg5 Kg7 37. Kd1 Rh8 38. Kc2 Rh1 39. Bd2 Rxb1 40. Kxb1 d5 41. Kc2 Bd6 42. Rh2 a5 43. Rh1 a4 44. Bc1 Rb8 45. Be3 Rh8 46. Rxh8 Kxh8 47. Kd2 Kg7 48. Ke2 f6 49. Kf3 Kf7 50. Kg4 e5 51. fxe5 fxe5 52. dxe5 Bxe5 53. Bd4 Ke6 54. Bc5 Bh2 55. Bd4 Bd6 56. Be3 Bh2 57. Bd4 Bc7 58. Be3 Bd8 59. Bd4 Ba5 60. Kf4 Bd8 61. Kg4 Be7 62. Kf4 Bd6+ 63. Kg4 Be5 64. Be3 Bh2 1/2-1/2